000 00554nam a2200217Ia 4500
008 160418s9999 xx 000 0 und d
020 _a971-08-6262-6
050 _aFIL PL 5532
050 _b.A78 2002 c.3
100 _aArtus, A.
245 _aPhilippine poetry anthology /
245 _cedited by A. Artus.
250 _aRevised Edition
260 _aMandaluyong:
260 _bNational Books Store,
260 _c2002
300 _a120 pages :
300 _billustrations ;
300 _c21 cm.
650 _aPhilippine poetry (English).
999 _c293541
_d293541